<?xml version="1.0" encoding="UTF-8"?>
<collection xmlns="http://www.loc.gov/MARC21/slim">
 <record>
  <leader>01986nam a2200253 a 4500</leader>
  <controlfield tag="001">1/25685</controlfield>
  <controlfield tag="008">      s2001    lu     f      00010 gre d</controlfield>
  <datafield tag="022" ind1="0" ind2=" ">
   <subfield code="a">0254-1483</subfield>
  </datafield>
  <datafield tag="022" ind1="0" ind2=" ">
   <subfield code="a">0254-1475</subfield>
  </datafield>
  <datafield tag="028" ind1="3" ind2="1">
   <subfield code="a">KT-CO-01-259-EN-C</subfield>
  </datafield>
  <datafield tag="028" ind1="3" ind2="1">
   <subfield code="a">KT-CO-01-259-GR-C</subfield>
  </datafield>
  <datafield tag="028" ind1="3" ind2="1">
   <subfield code="a">2001/0099 (CNS)</subfield>
  </datafield>
  <datafield tag="035" ind1=" " ind2=" ">
   <subfield code="l">27499</subfield>
  </datafield>
  <datafield tag="040" ind1=" " ind2=" ">
   <subfield code="a">GR-PeUP</subfield>
  </datafield>
  <datafield tag="084" ind1="-" ind2="-">
   <subfield code="2">KET</subfield>
   <subfield code="a">COM (2001) 244 τελικό</subfield>
  </datafield>
  <datafield tag="110" ind1="2" ind2=" ">
   <subfield code="a">Επιτροπή των Ευρωπαϊκών Κοινοτήτων.</subfield>
  </datafield>
  <datafield tag="245" ind1="1" ind2="0">
   <subfield code="a">Πρόταση κανονισμός του Συμβουλίου σχετικά με την τροποποίηση του κανονισμού (ΕΟΚ) αριθ. 2358/71 περί κοινής οργανώσεως αγοράς στον τομέα των σπόρων προς σπορά και με τον καθορισμό, για τις περιόδους εμπορίας 2002/03 και 2003/04, των ποσών της ενίσχυσης που χορηγείται στον τομέα των σπόρων προς σπορά:</subfield>
   <subfield code="b">Ανακοίνωση της Επιτροπής/</subfield>
   <subfield code="c">Επιτροπή των Ευρωπαϊκών Κοινοτήτων</subfield>
  </datafield>
  <datafield tag="246" ind1="1" ind2="0">
   <subfield code="a">Proposal for a Council Regulation amending Regulation (EEC) No 2358/71 on the common organization of the market in seeds and fixing the aid granted in the seeds sector for the 2002/03 and 2003/04 marketing years:</subfield>
   <subfield code="b">presented by the Commission</subfield>
  </datafield>
  <datafield tag="260" ind1="0" ind2=" ">
   <subfield code="a">Βρυξέλλες, Λουξεμβούργο:</subfield>
   <subfield code="b">Υπηρεσία Επισήμων Εκδόσεων των Ευρωπαϊκών Κοινοτήτων,</subfield>
   <subfield code="c">4.5.2001</subfield>
  </datafield>
  <datafield tag="300" ind1=" " ind2=" ">
   <subfield code="a">18 σελ.</subfield>
  </datafield>
  <datafield tag="500" ind1=" " ind2=" ">
   <subfield code="a">Δίγλωσσο</subfield>
  </datafield>
  <datafield tag="852" ind1=" " ind2=" ">
   <subfield code="a">INST</subfield>
   <subfield code="b">UNIPILB</subfield>
   <subfield code="c">KET</subfield>
   <subfield code="e">20050413</subfield>
   <subfield code="h">KET  COM (2001) 244 τελικό</subfield>
   <subfield code="p">COM (2001) 244</subfield>
   <subfield code="q">COM (2001) 244</subfield>
   <subfield code="t">NOLOAN</subfield>
   <subfield code="y">23</subfield>
   <subfield code="4">1</subfield>
  </datafield>
  <datafield tag="856" ind1="4" ind2="1">
   <subfield code="u">http://eur-lex.europa.eu/LexUriServ/LexUriServ.do?uri=COM:2001:0244:FIN:EL:PDF</subfield>
  </datafield>
  <datafield tag="856" ind1="4" ind2="1">
   <subfield code="u">http://eur-lex.europa.eu/LexUriServ/LexUriServ.do?uri=COM:2001:0244:FIN:EN:PDF</subfield>
  </datafield>
 </record>
</collection>
